Normal view MARC view

Entry Nombre personal

Number of records used in: 3

001 - NÚMERO DE CONTROL

  • campo de control: 1114

003 - IDENTIFICADOR DE NÚMERO DE CONTROL

  • campo de control: DLC

005 - FECHA Y HORA DE LA ÚLTIMA TRANSACCIÓN

  • campo de control: 20260423193214.0

008 - ELEMENTOS DE DATO DE LONGITUD-FIJA

  • campo de control de longitud fija: 801003n| azannaabn |b aaa

010 ## - NÚMERO DE CONTROL DE LA BIBLIOTECA DEL CONGRESO

  • Número de control de LC: n 50051645
  • Número de control de LC cancelado o no válido: ns2020001122

040 ## - FUENTE DE CATALOGACIÓN

  • Centro catalogador/agencia de origen: DLC
  • Lengua de catalogación: eng
  • Normas de descripción: rda
  • Centro/agencia transcriptor: DLC
  • Centro/agencia modificador: ICU
  • Centro/agencia modificador: Uk
  • Centro/agencia modificador: OCoLC
  • Centro/agencia modificador: DLC
  • Centro/agencia modificador: CSt
  • Centro/agencia modificador: DLC

100 1# - ENCABEZAMIENTO-NOMBRE DE PERSONA

  • Nombre de persona: Leonard, Jonathan Norton,
  • Fechas asociadas al nombre: 1903-1975

400 1# - TRAZADO DE VÉASE--NOMBRE DE PERSONA

  • Nombre de persona: Leonard, J. N.
  • Forma completa/desarrollada del nombre: (Jonathan Norton),
  • Fechas asociadas al nombre: 1903-1975

400 1# - TRAZADO DE VÉASE--NOMBRE DE PERSONA

  • Subcampo de control: nnaa
  • Nombre de persona: Leonard, Jonathan Norton,
  • Fechas asociadas al nombre: 1903-

400 1# - TRAZADO DE VÉASE--NOMBRE DE PERSONA

  • Nombre de persona: レオナードジヨナサンノートン,
  • Fechas asociadas al nombre: 1903-1975

400 1# - TRAZADO DE VÉASE--NOMBRE DE PERSONA

  • Nombre de persona: Liʼūnārd, Jūnātān N.,
  • Fechas asociadas al nombre: 1903-1975

400 1# - TRAZADO DE VÉASE--NOMBRE DE PERSONA

  • Nombre de persona: لئونارد، جوناتان ن.

400 1# - TRAZADO DE VÉASE--NOMBRE DE PERSONA

  • Subcampo de control: nne
  • Nombre de persona: Norton Leonard, Jonathan

670 ## - FUENTE DE DATOS ENCONTRADOS

  • Cita de la fuente: His Ask me, too! 1927.

670 ## - FUENTE DE DATOS ENCONTRADOS

  • Cita de la fuente: LCCN 38-36979: His Crusaders of chemistry, 1938
  • Información encontrada: (hdg.: Leonard, Jonathan Norton, 1903- ; usage: Jonathan Norton Leonard)

670 ## - FUENTE DE DATOS ENCONTRADOS

  • Cita de la fuente: Parvāz bisū-yi āsmānhā, [1957 or 1958]:
  • Información encontrada: t.p. (جوناتان ن. لئونارد = Jūnātān N. Liʼūnārd) facing t.p. verso (Jonathan Norton Leonard [in rom.])

670 ## - FUENTE DE DATOS ENCONTRADOS

  • Cita de la fuente: La revolución del neolítico,1977:
  • Información encontrada: title page (Jonathan Norton Leonard)